[Event "7 slow players (only >2200 points)"]
[Site "SchemingMind.com"]
[Date "2016.08.03"]
[Round "-"]
[White "anne"]
[Black "Helga1946"]
[Result "1/2-1/2"]
[WhiteCountry "GER"]
[BlackCountry "GER"]
[WhiteElo "2211"]
[WhiteRD "71"]
[BlackElo "2249"]
[BlackRD "79"]
[GameID "402112"]

1. e4 e5 2. Nf3 Nc6 3. Bb5 a6 4. Ba4 Nf6 5. Qe2 Bc5 6. c3 b5 7. Bb3 Bb7 8. d3 O-O 9. O-O d5 10. exd5 Nxd5
11. a4 Nf4 12. Bxf4 exf4 13. axb5 axb5 14. Rxa8 Qxa8 15. d4 Bb6 16. Ng5 h6 17. Nxf7 Rxf7 18. Bxf7+ Kxf7 19. Re1 Qc8 20. Qxb5 Ne7
21. Nd2 Qg4 22. f3 Qg5 23. Re5=
1/2-1/2

[Event "7 slow players (only >2200 points)"]
[Site "SchemingMind.com"]
[Date "2016.08.01"]
[Round "-"]
[White "Helga1946"]
[Black "anne"]
[Result "1/2-1/2"]
[WhiteCountry "GER"]
[BlackCountry "GER"]
[WhiteElo "2207"]
[WhiteRD "72"]
[BlackElo "2213"]
[BlackRD "74"]
[GameID "402113"]

1. c4 e5 2. Nc3 Nf6 3. Nf3 Nc6 4. e4 Bb4 5. d3 O-O 6. Be2 d6 7. Be3 Ng4 8. Bg5 f6 9. Bd2 f5 10. O-O Nf6
11. exf5 Bxf5 12. Qb3 a5 13. a3 a4 14. Qc2 Bxc3 15. bxc3 e4 16. Nd4 exd3 17. Bxd3 Bxd3 18. Qxd3 Qd7 19. Rae1 Ne5 20. Qe2 Qf7
21. Bf4 Rae8 22. Bxe5 Rxe5 23. Qa2 Nd7 24. Nf3 Ree8 25. Ng5 Qf5 26. Nf3 Nc5 27. Qd2 Qd3 28. Qxd3 Nxd3 29. Rxe8 Rxe8 30. Rb1 Re4
31. Rxb7 Rxc4 32. Ng5 g6 33. g3 Rxc3 34. f4 h6 35. Ne6 Rxa3=
1/2-1/2

[Event "7 slow players (only >2200 points)"]
[Site "SchemingMind.com"]
[Date "2016.08.05"]
[Round "-"]
[White "anne"]
[Black "sbb"]
[Result "0-1"]
[WhiteCountry "GER"]
[BlackCountry "USA"]
[WhiteElo "2211"]
[WhiteRD "71"]
[BlackElo "2458"]
[BlackRD "82"]
[GameID "402241"]

1. e4 e5 2. Bc4 Nf6 3. Nf3 Nxe4 4. Nc3 Nxc3 5. dxc3 f6 6. O-O d6 7. Re1 Nc6 8. a4 Ne7 9. Bb3 c6 10. a5 Qc7
11. c4 g6 12. Nd2 Nf5 13. c3 Be7 14. Nf3 Ng7 15. Qe2 O-O 16. Bh6 Re8 17. Bc2 Nf5 18. Bc1 Bf8 19. Rd1 Qf7 20. a6 b6
21. Be4 Bd7 22. b3 Ng7 23. g3 Rac8 24. Ba3 Bg4 25. Qe3 d5 26. cxd5 Bxa3 27. Rxa3 f5 28. Qh6 fxe4 29. Ng5 Bxd1 30. Qxh7+ Kf8
31. Nxf7 Kxf7 32. Qh3 Red8 33. d6 Bf3 34. Ra1 c5 35. Re1 Rc6 36. Rxe4 Rcxd6 37. Rxe5 Rd1+
0-1

[Event "7 slow players (only >2200 points)"]
[Site "SchemingMind.com"]
[Date "2016.08.04"]
[Round "-"]
[White "sbb"]
[Black "anne"]
[Result "1-0"]
[WhiteCountry "USA"]
[BlackCountry "GER"]
[WhiteElo "2458"]
[WhiteRD "82"]
[BlackElo "2211"]
[BlackRD "71"]
[GameID "402242"]

1. d4 f5 2. Bg5 h6 3. Bh4 g5 4. Bg3 Nf6 5. e3 Bg7 6. h4 g4 7. Ne2 Nh5 8. Nbc3 O-O 9. Nd5 d6 10. Ndf4 Qe8
11. Nxh5 Qxh5 12. Nf4 Qf7 13. b3 c6 14. Rc1 e5 15. dxe5 Bxe5 16. c4 Nd7 17. Bd3 Bb2 18. Rc2 Ba3 19. O-O a5 20. Qb1 Nc5
21. Rd1 Qf6 22. h5 Re8 23. Rcd2 Bb4 24. Re2 Ne4 25. Bxe4 fxe4 26. Qc1 Be6 27. a3 Bc5 28. b4 axb4 29. axb4 Bxb4 30. Qb1 Bc3
31. Qxb7 Bxc4 32. Rc2 d5 33. Ng6 Ra3 34. Rb1 Qf7 35. Qxc6 Ra6 36. Qxe8+ Qxe8 37. Rxc3 Kf7 38. Rb8 Qa4 39. Rc1 Ra5 40. Rb7+ Kf6
41. Bh4+
1-0

[Event "7 slow players (only >2200 points)"]
[Site "SchemingMind.com"]
[Date "2016.08.08"]
[Round "-"]
[White "Helga1946"]
[Black "sbb"]
[Result "0-1"]
[WhiteCountry "GER"]
[BlackCountry "USA"]
[WhiteElo "2219"]
[WhiteRD "71"]
[BlackElo "2500"]
[BlackRD "79"]
[GameID "402243"]

1. e4 e5 2. Nf3 Nc6 3. Bb5 a6 4. Bxc6 dxc6 5. O-O Ne7 6. Nxe5 Qd4 7. Qh5 g6 8. Qg5 Bg7 9. Nf3 Qxe4 10. Re1 Qb4
11. a3 Qd6 12. Nc3 h6 13. Qe3 Qd8 14. d3 Be6 15. Ne5 Qd6 16. Nc4 Qd7 17. Qe4 O-O 18. Ne5 Qc8 19. Bd2 Re8 20. Qb4 a5
21. Qc5 b6 22. Qd4 Nf5 23. Qa4 b5 24. Qf4 g5 25. Qf3 Nd4 26. Qd1 b4 27. axb4 axb4 28. Rxa8 Qxa8 29. Nb1 Qa4 30. Nc4 Nxc2
31. Nca3 bxa3 32. Nxa3 Rb8 33. Re4 Qb3 34. Nxc2 Qxd3 35. Re3 Qd6 36. Ne1 Bd4 37. Re2 Rxb2 38. Nf3 Bg7 39. h3 g4 40. hxg4 Bxg4
41. Qe1 Bxf3 42. gxf3 Kh7 43. Bc1 Bc3 44. Qxc3 Rxe2 45. Bf4 Qd1+ 46. Kg2 Qc2 47. Qxc2+ Rxc2 48. Bxc7 c5 49. Kg3 c4 50. Kf4 Rxf2
51. Ke3 Ra2 52. Be5 h5 53. Kd4 h4 54. Kxc4 Ra3
0-1

[Event "7 slow players (only >2200 points)"]
[Site "SchemingMind.com"]
[Date "2016.08.08"]
[Round "-"]
[White "sbb"]
[Black "Helga1946"]
[Result "1/2-1/2"]
[WhiteCountry "USA"]
[BlackCountry "GER"]
[WhiteElo "2458"]
[WhiteRD "82"]
[BlackElo "2249"]
[BlackRD "79"]
[GameID "402244"]

1. d4 Nf6 2. c4 e6 3. g3 Nc6 4. Nf3 Bb4+ 5. Nbd2 O-O 6. Bg2 Be7 7. b3 d5 8. O-O b6 9. Bb2 Re8 10. Rc1 Bb7
11. a3 a6 12. Qc2 Bd6 13. b4 Qb8 14. Ne5 Nxd4 15. Bxd4 c5 16. cxd5 cxd4 17. Nc6 Bxc6 18. dxc6 Qc7 19. Qd3 e5 20. e3 dxe3
21. fxe3 Red8 22. Qb3 Be7 23. Ne4 b5 24. Nc3 Rd2 25. Nd5 Nxd5 26. Bxd5 Bf6 27. Rcd1 Rxd1 28. Qxd1 Rd8 29. e4 Rc8 30. Kg2 Qd8
31. a4 Kh8 32. axb5 axb5 33. Qe2 Qb6 34. Rc1 Be7 35. c7 Rxc7 36. Rxc7=
1/2-1/2

[Event "7 slow players (only >2200 points)"]
[Site "SchemingMind.com"]
[Date "2016.08.07"]
[Round "-"]
[White "anne"]
[Black "DHall"]
[Result "1/2-1/2"]
[WhiteCountry "GER"]
[BlackCountry "ENG"]
[WhiteElo "2222"]
[WhiteRD "75"]
[BlackElo "2260"]
[BlackRD "86"]
[GameID "402333"]

1. e4 e5 2. Nf3 Nc6 3. Bb5 a6 4. Ba4 Nf6 5. O-O Be7 6. Re1 b5 7. Bb3 d6 8. c3 O-O 9. h3 Nb8 10. d4 Nbd7
11. c4 c6 12. Qc2 Bb7 13. Nc3 exd4 14. Nxd4 g6 15. a3 Ne5 16. cxb5 axb5 17. Be3 Nfd7 18. f4 Nc4 19. Bf2 Nc5 20. Ba2 Bh4
21. Rad1=
1/2-1/2

[Event "7 slow players (only >2200 points)"]
[Site "SchemingMind.com"]
[Date "2016.08.07"]
[Round "-"]
[White "DHall"]
[Black "anne"]
[Result "1/2-1/2"]
[WhiteCountry "ENG"]
[BlackCountry "GER"]
[WhiteElo "2260"]
[WhiteRD "86"]
[BlackElo "2222"]
[BlackRD "75"]
[GameID "402334"]

1. e4 e5 2. f4 d5 3. exd5 c6 4. Nc3 exf4 5. Nf3 cxd5 6. d4 Nc6 7. Bxf4 Bd6 8. Qd2 Nf6 9. O-O-O O-O 10. Bd3 Bb4
11. Rhe1 Nh5 12. Be3 Bg4 13. Kb1 Qb6 14. Ka1 Qa5 15. a3 Nf6 16. Kb1 Bxc3 17. Qxc3 Qxc3 18. bxc3 Ne4 19. Kb2 Na5=
1/2-1/2

[Event "7 slow players (only >2200 points)"]
[Site "SchemingMind.com"]
[Date "2016.08.08"]
[Round "-"]
[White "DHall"]
[Black "Helga1946"]
[Result "1-0"]
[WhiteCountry "ENG"]
[BlackCountry "GER"]
[WhiteElo "2277"]
[WhiteRD "87"]
[BlackElo "2207"]
[BlackRD "72"]
[GameID "402335"]

1. e4 c5 2. Nf3 Nc6 3. d4 cxd4 4. Nxd4 Nf6 5. Nc3 e6 6. Ndb5 d6 7. Bf4 e5 8. Bg5 a6 9. Na3 Be6 10. Nc4 Nd4
11. Bxf6 Qxf6 12. Nb6 Rd8 13. Ncd5 Bxd5 14. Nxd5 Qg6 15. f3 Rd7 16. g3 Qh5 17. Kf2 Be7 18. h4 Ne6 19. Bh3 Qh6 20. Kg2 O-O
21. c3 Rb8 22. a4 b6 23. Bxe6 Qxe6 24. Qd3 a5 25. Rad1 Kh8 26. Rd2 Bf8 27. Rf2 Rdb7 28. Rd1 Qd7 29. b3 g6 30. c4 Qe6
31. h5 Bh6 32. Rh1 Bg5 33. Qc3 Re8 34. hxg6 Qxg6 35. f4 Rg8 36. fxg5 Qxe4+ 37. Kg1
1-0

[Event "7 slow players (only >2200 points)"]
[Site "SchemingMind.com"]
[Date "2016.08.08"]
[Round "-"]
[White "Helga1946"]
[Black "DHall"]
[Result "0-1"]
[WhiteCountry "GER"]
[BlackCountry "ENG"]
[WhiteElo "2192"]
[WhiteRD "74"]
[BlackElo "2277"]
[BlackRD "87"]
[GameID "402336"]

1. e4 e5 2. Nf3 Nc6 3. Bb5 a6 4. Bxc6 dxc6 5. O-O f6 6. Qe2 c5 7. d3 Ne7 8. Be3 Nc6 9. Nbd2 Be7 10. c3 b6
11. Rfd1 O-O 12. d4 exd4 13. Nb3 d3 14. Rxd3 Qe8 15. Rdd1 Bd6 16. Nbd2 Bg4 17. h3 Bh5 18. g4 Bf7 19. Nh4 Ne7 20. Nc4 Qb5
21. b3 Rad8 22. Rd2 Bxc4 23. bxc4 Qc6 24. f3 Bg3 25. Ng2 Ng6 26. Rd5 Qe6 27. Rad1 Rc8 28. Bf2 Be5 29. Qb2 a5 30. Qb3 Rfe8
31. Kf1 Bd6 32. Qb2 Ne7 33. R5d3 Qe5 34. h4 Qh2 35. Qe2 Nc6 36. f4 Qh1+ 37. Bg1 g5 38. hxg5 fxg5 39. f5 Bh2 40. Kf2 Ne5
41. Bxh2 Qxh2 42. Rg3 Rcd8 43. a4 Rxd1 44. Qxd1 Kg7 45. Qd2 h6 46. Qd1 Re7 47. Qd5 Qh1 48. Ne3 Kf8 49. Rg2 Qh4+ 50. Rg3 Qh2+
51. Ng2 Kg7 52. Qd1 Rd7 53. Qe2 Rd6 54. Re3 c6 55. Rg3 Nxc4 56. Rd3 Rxd3 57. Qxd3 Ne5 58. Qg3 Qxg3+ 59. Kxg3 b5 60. axb5 cxb5
61. Ne3 b4 62. cxb4 cxb4
0-1

[Event "7 slow players (only >2200 points)"]
[Site "SchemingMind.com"]
[Date "2016.08.07"]
[Round "-"]
[White "DHall"]
[Black "sbb"]
[Result "1/2-1/2"]
[WhiteCountry "ENG"]
[BlackCountry "USA"]
[WhiteElo "2288"]
[WhiteRD "79"]
[BlackElo "2397"]
[BlackRD "87"]
[GameID "402337"]

1. e4 e5 2. Nf3 Nc6 3. Bb5 a6 4. Ba4 Nf6 5. O-O Be7 6. Re1 b5 7. Bb3 d6 8. c3 O-O 9. h3 Nb8 10. d4 Nbd7
11. Nbd2 Bb7 12. Bc2 Re8 13. Nf1 Bf8 14. Ng3 g6 15. a4 c5 16. d5 c4 17. Bg5 Nc5 18. Qd2 Be7 19. Be3 Qc7 20. Nh2 h5
21. f3 bxa4 22. Bxa4 Reb8 23. Bxc5 Qxc5+ 24. Kh1 Nh7 25. Ngf1 Bg5 26. Qe2 Rc8=
1/2-1/2

[Event "7 slow players (only >2200 points)"]
[Site "SchemingMind.com"]
[Date "2016.08.07"]
[Round "-"]
[White "sbb"]
[Black "DHall"]
[Result "1/2-1/2"]
[WhiteCountry "USA"]
[BlackCountry "ENG"]
[WhiteElo "2397"]
[WhiteRD "87"]
[BlackElo "2288"]
[BlackRD "79"]
[GameID "402338"]

1. d4 d5 2. c4 dxc4 3. e4 e5 4. Nf3 exd4 5. Bxc4 Nc6 6. O-O Be6 7. Bb5 Bc5 8. b4 Bb6 9. a4 a6 10. Bxc6+ bxc6
11. a5 Ba7 12. Bb2 Nf6 13. Bxd4 Bxd4 14. Nxd4 Qd6 15. Nxe6 Qxe6 16. f3 O-O 17. Na3 Rfd8 18. Qc2 Rab8 19. Qc3 Nh5 20. g3 Qg6
21. Kf2 Qf6 22. Rfc1 Qxc3 23. Rxc3 Rd2+ 24. Ke3 Rxh2 25. g4 Ng3 26. Rxc6 h5 27. Rc2=
1/2-1/2

[Event "7 slow players (only >2200 points)"]
[Site "SchemingMind.com"]
[Date "2016.08.10"]
[Round "-"]
[White "Ilang"]
[Black "anne"]
[Result "1-0"]
[WhiteCountry "HUN"]
[BlackCountry "GER"]
[WhiteElo "2478"]
[WhiteRD "84"]
[BlackElo "2211"]
[BlackRD "71"]
[GameID "402425"]

1. e4 e5 2. Nf3 Nc6 3. Bb5 Nf6 4. d3 d6 5. c3 g6 6. O-O Bg7 7. h3 a6 8. Ba4 b5 9. Bc2 O-O 10. Be3 a5
11. Nbd2 a4 12. d4 Qd7 13. Rc1 Bb7 14. d5 Na5 15. b4 axb3 16. axb3 c6 17. c4 bxc4 18. bxc4 Ba6 19. Ba4 Qc7 20. Re1 c5
21. Qe2 Rfb8 22. Rb1 Rxb1 23. Rxb1 Bc8 24. Bb5 Nb7 25. Qd1 Nh5 26. Rc1 Nf4 27. Nb1 Bh6 28. Kh2 Bg7 29. Nc3 Nd8 30. Qd2 Ra3
31. Bc6 Ra6 32. Be8 Nh5 33. Qb2 f5 34. exf5 Rb6 35. Qe2 Nf6 36. Bb5 gxf5 37. Ra1 Rb8 38. Bd2 e4 39. Nh4 Nf7 40. f4 Nd8
41. Ra3 Qf7 42. Qf2 Qe7 43. Nd1 Nxd5= 44. cxd5 Bf6 45. Be1 Rxb5 46. Ne3 Qb7 47. Nexf5 Bxf5 48. Nxf5 Rb3 49. Nxd6 Qxd5 50. Rxb3 Qxb3
51. Qxc5 Qe6 52. Nf5 Nb7 53. Qb5 Nd8 54. Bb4
1-0

[Event "7 slow players (only >2200 points)"]
[Site "SchemingMind.com"]
[Date "2016.08.11"]
[Round "-"]
[White "anne"]
[Black "Ilang"]
[Result "0-1"]
[WhiteCountry "GER"]
[BlackCountry "HUN"]
[WhiteElo "2211"]
[WhiteRD "71"]
[BlackElo "2478"]
[BlackRD "84"]
[GameID "402426"]

1. e4 e5 2. Nf3 Nc6 3. Bb5 a6 4. Ba4 Nf6 5. O-O Be7 6. Re1 b5 7. Bb3 O-O 8. h3 a5 9. a4 b4 10. c3 d5
11. exd5 Nxd5 12. Nxe5 Nxe5 13. Rxe5 Be6 14. d4 Bf6 15. Re1 Re8 16. Bc2 c6 17. Bd3 Qd7 18. Be3 g6 19. Qf3 Bg7 20. Bg5 h6
21. Be3 Rac8 22. Re2 Re7 23. Bd2 c5 24. dxc5 Rxc5 25. Qg3 Qd8 26. Bb5 Bf5 27. Qf3 Rcc7 28. Kh1 Rxe2 29. Bxe2 Rd7 30. Kh2 Be5+
31. Kg1 Nf6 32. cxb4 Bxb1 33. Bxh6 Be4 34. Qb3 Bd5 35. Qa3 Bd6 36. Bg5 Bxb4 37. Qe3 Be6 38. Qf3 Be7 39. Bf4 Bc5 40. Bg5 Kg7
41. g4= Bd4 42. Rb1 Bd5 43. Qf4 Qb6 44. Bxf6+ Bxf6 45. Bb5 Re7 46. Qd2 Bd4 47. Kf1 Qf6 48. Re1 Rxe1+ 49. Kxe1 Bg2
0-1

[Event "7 slow players (only >2200 points)"]
[Site "SchemingMind.com"]
[Date "2016.08.10"]
[Round "-"]
[White "Ilang"]
[Black "DHall"]
[Result "1-0"]
[WhiteCountry "HUN"]
[BlackCountry "ENG"]
[WhiteElo "2382"]
[WhiteRD "97"]
[BlackElo "2281"]
[BlackRD "77"]
[GameID "402427"]

1. e4 e5 2. Nf3 Nc6 3. Bb5 a6 4. Ba4 Nf6 5. d3 Bc5 6. Bb3 O-O 7. O-O d6 8. a4 Bg4 9. c3 h6 10. h3 Bd7
11. Nbd2 Ba7 12. Re1 Nh5 13. Nc4 Qf6 14. Be3 Rfe8 15. Bxa7 Nxa7 16. Ne3 Nf4 17. Nd5 Qg6 18. Nxf4 exf4 19. Kh2 Nc6 20. Nd2 Na5
21. Bc2 c5 22. d4 Rad8 23. d5 c4 24. Rg1 Qf6 25. Nf3 b6 26. Qe2 Re7 27. Rae1 Rde8 28. g4 fxg3+ 29. Rxg3 Qf4 30. Qd2 Qxd2
31. Nxd2 Re5 32. Reg1 g6 33. f4 Rh5 34. Bd1 Rh4 35. Bg4 Bxg4 36. Rxg4 Rxg4 37. hxg4 b5 38. axb5 axb5 39. Kg3 Nb7 40. Ra1 Nc5
41. Kf3 Kf8 42. Ra5 Rb8 43. e5 dxe5 44. fxe5 Nd3 45. Ke4 Nxb2 46. Kd4 Nd3 47. Ne4 Nf4 48. Ra1 Rd8 49. d6 Rb8 50. Kc5 Nd3+
51. Kc6 Nxe5+ 52. Kc7 Re8 53. Nf6 Re6 54. Nd7+ Nxd7 55. Kxd7 Re3 56. Rc1
1-0

[Event "7 slow players (only >2200 points)"]
[Site "SchemingMind.com"]
[Date "2016.08.10"]
[Round "-"]
[White "DHall"]
[Black "Ilang"]
[Result "0-1"]
[WhiteCountry "ENG"]
[BlackCountry "HUN"]
[WhiteElo "2272"]
[WhiteRD "79"]
[BlackElo "2380"]
[BlackRD "108"]
[GameID "402428"]

1. e4 e5 2. Nf3 Nc6 3. Bb5 a6 4. Bxc6 dxc6 5. O-O Bg4 6. h3 h5 7. d3 Qf6 8. Nbd2 Ne7 9. Re1 Ng6 10. d4 Bd6
11. hxg4 hxg4 12. Nh2 Rxh2 13. Qxg4 Rh4 14. Qf5 exd4 15. Nf3 Rh7 16. Bg5 Qe6 17. Qxe6+ fxe6 18. Nxd4 Rh5 19. Nxe6 Kd7 20. g4 Rh7
21. Nd4 Rah8 22. Nf3 Rf8 23. Re3 Nf4 24. e5 Bc5 25. e6+ Ke8 26. Rd1 Nh3+ 27. Kg2 Nxg5 28. Nxg5 Bxe3 29. fxe3 Rh6 30. Rd7 Rg6
0-1

[Event "7 slow players (only >2200 points)"]
[Site "SchemingMind.com"]
[Date "2016.08.14"]
[Round "-"]
[White "Ilang"]
[Black "Helga1946"]
[Result "1/2-1/2"]
[WhiteCountry "HUN"]
[BlackCountry "GER"]
[WhiteElo "2347"]
[WhiteRD "104"]
[BlackElo "2319"]
[BlackRD "82"]
[GameID "402429"]

1. e4 c5 2. Nf3 Nc6 3. d4 cxd4 4. Nxd4 Nf6 5. Nc3 e5 6. Ndb5 Bb4 7. a3 Bxc3+ 8. Nxc3 O-O 9. Be3 d6 10. Be2 Be6
11. O-O Rc8 12. Qd2 d5 13. exd5 Nxd5 14. Nxd5 Bxd5 15. Rad1 Be4 16. c3 Qf6 17. Qd7 Qg6 18. Qg4 Qxg4 19. Bxg4 Rcd8 20. Bc5 Bc2
21. Rc1 Bd3 22. Bxf8 Bxf1 23. Bxg7 Bxg2 24. Bf6 Rd6 25. Kxg2 Rxf6 26. Rd1 Rg6 27. Kh3 Rg5 28. Rd7=
1/2-1/2

[Event "7 slow players (only >2200 points)"]
[Site "SchemingMind.com"]
[Date "2016.08.14"]
[Round "-"]
[White "Helga1946"]
[Black "Ilang"]
[Result "0-1"]
[WhiteCountry "GER"]
[BlackCountry "HUN"]
[WhiteElo "2249"]
[WhiteRD "79"]
[BlackElo "2478"]
[BlackRD "84"]
[GameID "402430"]

1. e4 e5 2. Nf3 Nc6 3. Bb5 a6 4. Ba4 Nf6 5. O-O Be7 6. Nc3 b5 7. Bb3 O-O 8. a4 b4 9. Nd5 Nxe4 10. Nxe7+ Qxe7
11. d4 Bb7 12. Bd5 Nf6 13. Bxc6 dxc6 14. dxe5 Nd7 15. Re1 c5 16. Bf4 Rfe8 17. Qe2 Qe6 18. Ng5 Qc6 19. Qg4 h6 20. Nf3 Nf8
21. Rad1 Qe6 22. Qg3 Rad8 23. Rxd8 Rxd8 24. h4 Bxf3 25. gxf3 Rd4 26. h5 Kh7 27. Be3 Rc4 28. c3 bxc3 29. b3 Rd4 30. Bxd4 cxd4
31. Qf4 Qd5 32. Rd1 c5 33. Qf5+ Kg8 34. Kh2 Qxb3 35. Rb1 Qd5 36. f4 Qd7 37. Qd3 Qg4 38. Qe4 Qxh5+ 39. Kg3 Qg6+ 40. Kf3 c2
41. Rh1 Ne6
0-1

[Event "7 slow players (only >2200 points)"]
[Site "SchemingMind.com"]
[Date "2016.08.10"]
[Round "-"]
[White "Ilang"]
[Black "sbb"]
[Result "1/2-1/2"]
[WhiteCountry "HUN"]
[BlackCountry "USA"]
[WhiteElo "2380"]
[WhiteRD "108"]
[BlackElo "2376"]
[BlackRD "93"]
[GameID "402431"]

1. e4 e5 2. Nf3 Nc6 3. Bb5 a6 4. Ba4 Nf6 5. d3 Bc5 6. O-O d6 7. c3 O-O 8. h3 Ba7 9. Nbd2 b5 10. Bb3 Na5
11. Bc2 c5 12. Re1 h6 13. a3 Nc6 14. b4 Be6 15. Bb3 Re8 16. Bxe6 Rxe6 17. Nf1 d5 18. Ng3 Qd7 19. Qe2 Rd8 20. Ra2 Kh7
21. Bd2 Kh8 22. a4 cxb4 23. axb5 axb5 24. cxb4 Kh7=
1/2-1/2

[Event "7 slow players (only >2200 points)"]
[Site "SchemingMind.com"]
[Date "2016.08.11"]
[Round "-"]
[White "sbb"]
[Black "Ilang"]
[Result "1-0"]
[WhiteCountry "USA"]
[BlackCountry "HUN"]
[WhiteElo "2397"]
[WhiteRD "87"]
[BlackElo "2347"]
[BlackRD "104"]
[GameID "402432"]

1. d4 d5 2. c4 c6 3. Nf3 Nf6 4. Nc3 e6 5. Bg5 Bd6 6. e3 Nbd7 7. Bd3 dxc4 8. Bxc4 O-O 9. O-O b5 10. Bd3 Bb7
11. Rc1 Be7 12. Ne5 Nxe5 13. dxe5 Nd7 14. Bxe7 Qxe7 15. f4 Nc5 16. Qc2 Nxd3 17. Qxd3 Rad8 18. Qc2 f6 19. exf6 Rxf6 20. Ne4 Rf5
21. h3 a5 22. Ng5 g6 23. Qc3 b4 24. Qc4 Rfd5 25. e4 R5d6 26. e5 Rd5 27. Ne4 Kg7 28. Qe2 a4 29. Rfe1 Ra5 30. Qe3 c5
31. Nd6 Bd5 32. Rxc5 Rxc5 33. Qxc5 Kh8 34. Re2 Rb8 35. Kh2 Qh4 36. Qd4 b3 37. a3 Ra8 38. Rd2 Kg8 39. Qe3 Qe7 40. Ne4 Bxe4
41. Qxe4 Qe8 42. Rd4 Ra7 43. Rd6 Qf7 44. Qd4 Ra8 45. Rd7 Qf8 46. Qe4 Qe8 47. Qc6 Rd8 48. Rxd8 Qxd8 49. Qxe6+ Kg7 50. Qc6 Qd4
51. Qc7+ Kg8 52. e6 Qf6 53. Qe5 Qxe5 54. fxe5
1-0

[Event "7 slow players (only >2200 points)"]
[Site "SchemingMind.com"]
[Date "2016.08.14"]
[Round "-"]
[White "Ilang"]
[Black "The Stonewall"]
[Result "1/2-1/2"]
[WhiteCountry "HUN"]
[BlackCountry "ENG"]
[WhiteElo "2435"]
[WhiteRD "86"]
[BlackElo "2280"]
[BlackRD "84"]
[GameID "402482"]

1. e4 e5 2. Nf3 Nf6 3. Nxe5 d6 4. Nf3 Nxe4 5. d4 d5 6. Bd3 Bd6 7. O-O O-O 8. c4 c6 9. Re1 Bf5 10. Bg5 Nxg5
11. Bxf5 dxc4 12. Nc3 g6 13. Bg4 Nxf3+ 14. Bxf3 Nd7 15. g3 Re8 16. Rxe8+ Qxe8 17. Qf1 Nb6 18. d5 cxd5 19. Nxd5 Qe5 20. Rd1 Bc5
21. b4 cxb3 22. axb3 Re8 23. Qb5 Rc8 24. Kg2 Qb2 25. Rf1 Qd4 26. Ne3 Qc3 27. Bxb7 Rb8 28. Qc6 Rd8 29. Rd1 Rxd1 30. Nxd1 Qxb3
31. Qxc5 Qxd1 32. Qa5 Qa4 33. Qe5 h6 34. h4 h5 35. Kh2 Qa2 36. Kg2 Qa4 37. Kh2=
1/2-1/2

[Event "7 slow players (only >2200 points)"]
[Site "SchemingMind.com"]
[Date "2016.08.14"]
[Round "-"]
[White "The Stonewall"]
[Black "Ilang"]
[Result "0-1"]
[WhiteCountry "ENG"]
[BlackCountry "HUN"]
[WhiteElo "2280"]
[WhiteRD "84"]
[BlackElo "2435"]
[BlackRD "86"]
[GameID "402483"]

1. c4 e5 2. g3 Nf6 3. Bg2 d5 4. cxd5 Nxd5 5. Nf3 Nc6 6. O-O Nb6 7. d3 Be7 8. Nbd2 O-O 9. a3 a5 10. b3 Be6
11. Bb2 f6 12. Qc2 Qd7 13. e3 Rfd8 14. d4 exd4 15. Nxd4 Nxd4 16. Bxd4 Bd5 17. Bxd5+ Nxd5 18. Rfd1 c5 19. Bb2 a4 20. Rac1 Qc6
21. Qc4 b5 22. Qe4 Bf8 23. Qf3 axb3 24. Nxb3 Rac8 25. Nd4 Qe8 26. Nf5 Nc7 27. Qg4 Qg6 28. Qe4 Qh5 29. Kg2 Qe8 30. Qg4 h5
31. Qf3 Ne6 32. Qe4 Qf7 33. Qc2 c4 34. Rxd8 Rxd8 35. Rd1 Rxd1 36. Qxd1 Qb7+ 37. f3 g6 38. Nd4 Nxd4 39. Qxd4 Qc6 40. e4 g5
41. Qc3 Kf7 42. Kf1 Qe6 43. Ke1 Bc5 44. Kd1 g4 45. Kc2 Qd6 46. Kc1 Ke7 47. fxg4 hxg4 48. Qa5 Qc6 49. Bc3 Bb6 50. Qb4+ Kf7
51. Qb2 Be3+ 52. Kb1 Qxe4+ 53. Ka2 Qd3 54. Bxf6 Qb3+ 55. Kb1 Qxb2+ 56. Bxb2 Bg1
0-1

[Event "7 slow players (only >2200 points)"]
[Site "SchemingMind.com"]
[Date "2016.08.16"]
[Round "-"]
[White "anne"]
[Black "The Stonewall"]
[Result "0-1"]
[WhiteCountry "GER"]
[BlackCountry "ENG"]
[WhiteElo "2312"]
[WhiteRD "90"]
[BlackElo "2280"]
[BlackRD "84"]
[GameID "402484"]

1. e4 c6 2. d4 d5 3. e5 Bf5 4. Nc3 e6 5. g4 Bg6 6. Nge2 c5 7. Be3 Nc6 8. dxc5 h5 9. g5 Nge7 10. Nd4 a6
11. Na4 Nxe5 12. Nb6 Rb8 13. c3 Qc7 14. b4 Nc8 15. Qa4+ Ke7 16. f3 Nxb6 17. Qa5 Na8 18. Qa4 Bd3
0-1

[Event "7 slow players (only >2200 points)"]
[Site "SchemingMind.com"]
[Date "2016.08.16"]
[Round "-"]
[White "The Stonewall"]
[Black "anne"]
[Result "1-0"]
[WhiteCountry "ENG"]
[BlackCountry "GER"]
[WhiteElo "2300"]
[WhiteRD "83"]
[BlackElo "2211"]
[BlackRD "71"]
[GameID "402485"]

1. d4 Nf6 2. Bf4 c5 3. e3 Qb6 4. Nc3 Qxb2 5. Nb5 Nd5 6. a3 a6 7. Rb1 Qa2 8. Qc1 axb5 9. Ra1 Qxa1 10. Qxa1 Nc6
11. Bxb5 cxd4 12. Bxc6 dxc6 13. Qxd4 f6 14. c4 e5 15. Bxe5 fxe5 16. Qxe5+ Ne7 17. Nf3 Rxa3 18. O-O Rd3 19. h3 Rd8 20. Ng5 Bf5
21. f4 h6 22. Nf3 Bd7 23. Nh4 h5 24. Ng6 Rh6 25. f5 Bc8 26. e4 Kf7 27. Qc7 Re8 28. c5 Kg8 29. Kh2 Nxg6 30. fxg6 Be7
31. Rf7 Rxg6 32. Rxe7 Rxe7 33. Qxe7 Kh7 34. Qc7 Be6= 35. Qxb7 Bc4 36. Qb8
1-0

[Event "7 slow players (only >2200 points)"]
[Site "SchemingMind.com"]
[Date "2016.08.16"]
[Round "-"]
[White "The Stonewall"]
[Black "DHall"]
[Result "1/2-1/2"]
[WhiteCountry "ENG"]
[BlackCountry "ENG"]
[WhiteElo "2279"]
[WhiteRD "80"]
[BlackElo "2277"]
[BlackRD "87"]
[GameID "402486"]

1. c4 Nf6 2. g3 g6 3. Bg2 Bg7 4. Nc3 O-O 5. d3 d6 6. Bg5 h6 7. Bd2 e5 8. e4 Nc6 9. Nge2 Nd4 10. Nxd4 exd4
11. Ne2 Nd7 12. O-O a5 13. Qc2 Nc5 14. f4 Re8 15. Rae1 a4 16. b4 axb3 17. axb3 Bd7 18. f5 g5 19. Nc1 Be5 20. b4 Na4
21. Nb3 c5 22. b5 Nc3 23. Ra1 Qc7 24. Qb2 b6 25. Rxa8 Rxa8 26. Ra1 Rxa1+ 27. Qxa1 d5 28. Nc1 Nxe4 29. dxe4 dxc4 30. Qa4 c3
31. Be1 c4 32. Bf1 d3 33. Nxd3 cxd3 34. Bxd3 Kg7 35. Bf2 f6 36. Kg2 Be8 37. Bc2 Bf7 38. Qb4 h5 39. Be1 g4 40. Bf2 Qd8
41. Be1 Qc7 42. Bf2 Qd7 43. Be1 Qc7 44. Bf2
1/2-1/2

[Event "7 slow players (only >2200 points)"]
[Site "SchemingMind.com"]
[Date "2016.08.16"]
[Round "-"]
[White "DHall"]
[Black "The Stonewall"]
[Result "1/2-1/2"]
[WhiteCountry "ENG"]
[BlackCountry "ENG"]
[WhiteElo "2260"]
[WhiteRD "86"]
[BlackElo "2276"]
[BlackRD "82"]
[GameID "402487"]

1. e4 c6 2. d4 d5 3. Nc3 dxe4 4. Nxe4 Bf5 5. Ng3 Bg6 6. h4 h6 7. Nf3 e6 8. Ne5 Bh7 9. Bd3 Bxd3 10. Qxd3 Nd7
11. f4 Bb4+ 12. c3 Be7 13. Bd2 Ngf6 14. O-O-O O-O 15. Ne4 Nxe4 16. Qxe4 Nf6 17. Qd3 Qd5 18. Kb1 c5 19. g4 cxd4 20. g5 Ne4
21. gxh6 dxc3 22. Bxc3 Qxd3+ 23. Rxd3 gxh6 24. Rd7 Bc5 25. Rh2 Nxc3+ 26. bxc3 Rad8 27. Rg2+ Kh7 28. Rxb7 Rb8 29. Rgb2 Rxb7 30. Rxb7 Kg7
31. Nd7 Rc8 32. Ne5 Rf8 33. Kc2 Be3 34. Nd7 Rc8 35. Ne5 Rf8 36. Nd7 Rc8 37. Ne5 Rf8 38. Nd7 Rc8 39. Ne5
1/2-1/2